The Democratic Developmental State : (Record no. 616409)

MARC details
000 -LEADER
fixed length control field 00527nam a2200193 a 4500
008 - FIXED-LENGTH DATA ELEMENTS--GENERAL INFORMATION
fixed length control field 260302s1998##################000#0#eng##
020 ## - INTERNATIONAL STANDARD BOOK NUMBER
ISBN 9780198293828
082 04 - DEWEY DECIMAL CLASSIFICATION NUMBER
Classification number 321.8
Item number ROB
100 1# - MAIN ENTRY--AUTHOR NAME
Personal name Robinson, Mark,
245 10 - TITLE STATEMENT
Title The Democratic Developmental State :
260 ## - PUBLICATION, DISTRIBUTION, ETC. (IMPRINT)
Name of publisher Oxford University Press, USA,
Year of publication 1998.
300 ## - PHYSICAL DESCRIPTION
Number of Pages 376 pages
650 #0 - SUBJECT ADDED ENTRY--TOPICAL TERM
Topical Term Business & Economics.
942 ## - ADDED ENTRY ELEMENTS (KOHA)
Koha item type English Books

No items available.

Find us on the map